[Event "13th EICC"]
[Site "Plovdiv BUL"]
[Date "2012.03.23"]
[Round "4.54"]
[White "Mchedlishvili,M"]
[Black "Soffer,R"]
[Result "1/2-1/2"]
[WhiteElo "2626"]
[BlackElo "2492"]

1.d4 Nf6 2.c4 e6 3.Nf3 b6 4.a3 Ba6 5.Qc2 Bb7 6.Bf4 g6 7.Nc3 Bg7 8.e4 d6 9.Be2 O-O
10.O-O a5 11.Rad1 Nh5 12.Bg5 Qe8 13.Rfe1 h6 14.Be3 Nd7 15.e5 dxe5 16.dxe5 Rd8
17.Ne4 Qe7 18.c5 Bd5 19.cxb6 cxb6 20.Bd4 Rc8 21.Qb1 Nf4 22.Bf1 Nc5 23.Nfd2 Rfd8
24.g3 Bxe4 25.Nxe4 Nfd3 26.Rxd3 Nxd3 27.Qxd3 Bxe5 28.Bxe5 Rxd3 29.Bxd3 f5
30.Nc3 Qb7 31.Bb1 b5 32.Ba2 Kh7 33.Bxe6 Rd8 34.b4 axb4 35.axb4 Qe7 36.Ba2 Qxb4
37.Rb1 Qc5 38.Rxb5 Rd1+ 39.Nxd1 Qxb5 40.f4 Qe2 41.Nc3 Qe1+ 42.Kg2 Qd2+ 43.Kg1 Qe1+  1/2-1/2

[Event "TCh-CAT 2012"]
[Site "Catalunya ESP"]
[Date "2012.03.24"]
[Round "9.1"]
[White "Kogan,Ar"]
[Black "Oms Pallisse,J"]
[Result "1/2-1/2"]
[WhiteElo "2572"]
[BlackElo "2485"]

1.d4 Nf6 2.c4 e6 3.Nf3 b6 4.a3 Bb7 5.Nc3 d5 6.cxd5 Nxd5 7.e3 Nf6 8.Bb5+ c6
9.Bd3 c5 10.O-O Nbd7 11.Qe2 a6 12.Rd1 Qb8 13.d5 exd5 14.e4 d4 15.Nd5 Bd6
16.b4 O-O 17.bxc5 bxc5 18.Rb1 Re8 19.Qc2 Qc8 20.Nxf6+ Nxf6 21.Ng5 Re7 22.f4 c4
23.Qxc4 Qxc4 24.Bxc4 Bxe4 25.Nxe4 Nxe4 26.Re1 Rd8 27.Kf1 Nc5 28.Rd1 Bc7 29.Rd2  1/2-1/2

[Event "13th EICC"]
[Site "Plovdiv BUL"]
[Date "2012.03.27"]
[Round "7.105"]
[White "Dvirnyy,D"]
[Black "Videnova,I"]
[Result "1-0"]
[WhiteElo "2507"]
[BlackElo "2301"]

1.d4 Nf6 2.c4 e6 3.Nf3 b6 4.a3 c5 5.d5 Ba6 6.Qc2 exd5 7.cxd5 g6 8.g3 Bg7
9.Nc3 O-O 10.Bg2 d6 11.O-O Nbd7 12.Re1 Re8 13.Bf4 Qe7 14.h3 Nh5 15.Bg5 Bf6
16.Bd2 c4 17.g4 Ng7 18.g5 Be5 19.Nxe5 Qxe5 20.Ne4 Nh5 21.Qa4 Nb8 22.Nxd6 Rd8
23.Ne4 Bb7 24.Bc3 Qc7 25.Nf6+ Nxf6 26.Bxf6 Qd7 27.Qxc4 Rc8 28.Qh4 h5 29.Bf3 Qf5
30.Kg2  1-0

[Event "European Senior Teams 2012"]
[Site "Rogaska Slatina SLO"]
[Date "2012.03.27"]
[Round "1.14"]
[White "Niebuhr,G"]
[Black "Titz,Hei"]
[Result "0-1"]
[WhiteElo "2079"]
[BlackElo "2206"]

1.d4 Nf6 2.c4 e6 3.Nf3 b6 4.a3 c5 5.d5 Ba6 6.Nc3 Bxc4 7.dxe6 fxe6 8.Ne5 Ba6
9.Bg5 Be7 10.e4 Bxf1 11.Bxf6 Bxf6 12.Qh5+ g6 13.Nxg6 hxg6 14.Qxg6+ Kf8 15.Rxf1 Nc6
16.f4 Rg8 17.Qh6+ Bg7 18.Qh3 Rh8 19.Qd3 Nd4 20.O-O-O Qh4 21.e5 Kg8 22.Ne4 Rf8
23.g3 Qxh2 24.Rh1 Qe2 25.Rxh8+ Kxh8 26.Qxe2 Nxe2+ 27.Kd2 Nd4 28.Kd3 Nc6 29.Kc4 Rf7
30.b4 cxb4 31.axb4 Nxe5+ 32.fxe5 Bxe5  0-1

[Event "European Senior Teams 2012"]
[Site "Rogaska Slatina SLO"]
[Date "2012.03.30"]
[Round "4.6"]
[White "Saunina,L"]
[Black "James,GH"]
[Result "1-0"]
[WhiteElo "2300"]
[BlackElo "2215"]

1.d4 Nf6 2.c4 e6 3.a3 b6 4.Nf3 Bb7 5.Nc3 Be7 6.d5 d6 7.e4 e5 8.g3 O-O 9.Bg2 Nbd7
10.O-O Ne8 11.b4 a5 12.Be3 Bf6 13.Qc2 g6 14.Na4 Bg7 15.Rab1 axb4 16.axb4 Ndf6
17.Nc3 Ng4 18.Bd2 Bh6 19.Bxh6 Nxh6 20.Qd2 Kg7 21.Rfc1 Ng8 22.c5 h6 23.Ne1 f5
24.Nd3 Ngf6 25.f3 fxe4 26.fxe4 Nh7 27.Ra1 Ng5 28.Qe2 Rxa1 29.Rxa1 Qf6 30.cxb6 cxb6
31.Ra7 Rf7 32.h4 Nh7 33.Bh3 Qd8 34.Be6 Re7 35.Nb5 Nf8 36.Bh3 Rf7 37.Qe3 Nf6
38.Nb2 Nh5 39.Nc4 Bxd5 40.exd5 Rxa7 41.Nxa7 Qa8 42.Nc6 Qa1+ 43.Bf1 Nf6 44.Nxd6  1-0

[Event "European Senior Teams 2012"]
[Site "Rogaska Slatina SLO"]
[Date "2012.03.31"]
[Round "5.4"]
[White "Hecht,HJ"]
[Black "Saunina,L"]
[Result "1-0"]
[WhiteElo "2383"]
[BlackElo "2300"]

1.d4 Nf6 2.c4 e6 3.Nf3 b6 4.a3 Ba6 5.Qc2 d5 6.cxd5 exd5 7.Nc3 c6 8.g3 Bd6
9.Bg2 O-O 10.O-O Nbd7 11.Rd1 Re8 12.Bf4 Qc7 13.Bxd6 Qxd6 14.Rac1 Rac8 15.e3 Rc7
16.Nd2 Rec8 17.e4 dxe4 18.Ndxe4 Qf8 19.Qd2 Bc4 20.Qf4 Ne8 21.Re1 a5 22.Bh3 Bb3
23.Re3 Bd5 24.Nxd5 cxd5 25.Nc3 Nef6 26.Rce1 Rc4 27.Re7 Rd8 28.Bxd7 Nxd7 29.Nxd5 b5
30.Rxd7 Rxd7 31.Nf6+ gxf6 32.Qg4+ Kh8 33.Qxd7 Rc8 34.Qxb5 Qd6 35.Re8+ Rxe8
36.Qxe8+ Kg7 37.Qe4 Qb6 38.Qg4+ Kf8 39.Qc8+ Kg7 40.Qc3 Qb7 41.b3 Qe4 42.Qe3 Qd5
43.Qd3 f5 44.Qc4 Qe4 45.d5 Qe5 46.Kg2 Qb2 47.Qd3 Qe5 48.d6 Qe8 49.d7 Qd8
50.Qc3+  1-0

[Event "ch-Urals Men 2012"]
[Site "Satka RUS"]
[Date "2012.04.01"]
[Round "9"]
[White "Chekletsov,Ilya"]
[Black "Ginosyan,Razmik"]
[Result "1-0"]
[WhiteElo "1922"]
[BlackElo "1970"]

1.d4 Nf6 2.c4 e6 3.Nf3 b6 4.a3 Bb7 5.Nc3 d5 6.cxd5 Nxd5 7.Qc2 Be7 8.e4 Nxc3
9.bxc3 O-O 10.Bd3 c5 11.O-O Nc6 12.Bb2 Rc8 13.Qe2 Na5 14.Rad1 c4 15.Bc2 Qc7
16.Rfe1 Rfd8 17.e5 Qc6 18.h4 Qb5 19.h5 h6 20.Nh2 Bg5 21.Ng4 Kh8 22.Bc1 Bxc1
23.Rxc1 Nb3 24.Rcd1 Qa5 25.Qe3 Qxa3 26.Nxh6 Qf8 27.Ng4 a5 28.Bb1 Qe7 29.Nf6 a4
30.Ne4 a3 31.Nd6 Ra8 32.Qf4 Rd7 33.Re2 Bd5 34.Ra2 Ra5 35.h6 g6 36.Nc8 Qd8
37.Nxb6 Rb7 38.Nxd5 exd5 39.e6 Qe7 40.exf7 Qxf7 41.Qg5 Ra6 42.Re1 Kh7 43.Kh2 Qf8
44.Qxd5 Qxh6+ 45.Kg1 Rc7 46.Qd8 Rf7 47.Qd5 Rc7 48.Rae2 Raa7 49.Re8 Rf7 50.Qd8 Qd2
51.Qh4+ Qh6 52.Rh8+  1-0

[Event "European Senior Teams 2012"]
[Site "Rogaska Slatina SLO"]
[Date "2012.04.02"]
[Round "7.11"]
[White "Neumann,Ho"]
[Black "Borwell,A"]
[Result "0-1"]
[WhiteElo "1937"]
[BlackElo "2085"]

1.d4 Nf6 2.Nf3 b6 3.c4 e6 4.a3 Bb7 5.e3 Be7 6.Nc3 Ne4 7.Nxe4 Bxe4 8.Bd3 Bxd3
9.Qxd3 O-O 10.O-O d6 11.b4 Nd7 12.Bb2 f5 13.Rfd1 Qe8 14.Rac1 Qh5 15.c5 Nf6
16.cxb6 cxb6 17.Rc2 g5 18.Rdc1 g4 19.Nd2 Rad8 20.Rc7 Nd5 21.R7c6 Rf6 22.Rc8 Rxc8
23.Rxc8+ Kf7 24.Qb5 Kg7 25.Qe8 Qxe8 26.Rxe8 Rf8 27.Rxf8 Kxf8 28.Kf1 Ke8 29.Ke2 b5
30.g3 Bg5 31.Kd3 Kd7 32.Nb3 Nf6 33.Nd2 Bh6 34.Bc3 Kc6 35.Nb3 Ne4 36.Be1 Ng5
37.Bc3 Nf3 38.e4 fxe4+ 39.Kxe4 d5+ 40.Kd3 Nxh2 41.Bd2 Bg7 42.Nc5 e5 43.dxe5 Bxe5
44.Bc3 Bxc3 45.Kxc3 Nf3 46.Kd3 Ne5+ 47.Kc3 Nc4 48.Kb3 a5 49.a4 Nd2+ 50.Kc3 axb4+
51.Kxb4 bxa4 52.Nd3 a3 53.Kxa3 Kb5 54.Kb2 Ne4 55.Kc2 Kc4 56.Ne5+ Kd4 57.Nxg4 h5
58.Nh2 Nxf2  0-1

[Event "IND-ISR Match 2012"]
[Site "New Delhi IND"]
[Date "2012.04.04"]
[Round "10.4"]
[White "Golod,V"]
[Black "Adhiban,Baskaran"]
[Result "1-0"]
[WhiteElo "2561"]
[BlackElo "2561"]

1.d4 Nf6 2.c4 e6 3.Nf3 b6 4.a3 Ba6 5.Qb3 d5 6.cxd5 Qxd5 7.Qxd5 Nxd5 8.e4 Nf6
9.Nc3 Bxf1 10.Rxf1 c5 11.d5 exd5 12.exd5 Bd6 13.Nb5 Ne4 14.Nxd6+ Nxd6 15.Bf4 Kd7
16.Ne5+ Ke7 17.O-O-O f6 18.Nc6+ Nxc6 19.dxc6 Nf5 20.Rd7+ Kf8 21.Re1 h5 22.f3 h4
23.c7 Kg8 24.Red1 Nd4 25.Be3 Nc6 26.R1d6 Ne5 27.Rd8+ Kf7 28.Rxa8  1-0

[Event "O2C Doeberl Cup Premier 2012"]
[Site "Canberra AUS"]
[Date "2012.04.05"]
[Round "2.3"]
[White "Cheng,Bo"]
[Black "Zhao Zong Yuan"]
[Result "1-0"]
[WhiteElo "2344"]
[BlackElo "2556"]

1.d4 Nf6 2.c4 e6 3.Nf3 b6 4.a3 Bb7 5.Nc3 d5 6.cxd5 Nxd5 7.Qc2 Nxc3 8.bxc3 Be7
9.e4 O-O 10.Bd3 c5 11.O-O Qc7 12.Qe2 Nd7 13.a4 Rac8 14.Be3 Nf6 15.Bd2 Rfd8
16.Rfb1 g6 17.g3 Nh5 18.a5 bxa5 19.c4 Re8 20.Bxa5 Qd7 21.Qb2 Ba8 22.d5 exd5
23.exd5 Bf6 24.Bc3 Bxc3 25.Qxc3 Re7 26.Ra5 Nf4 27.Bf1 Nh3+ 28.Bxh3 Qxh3 29.Rba1 Bb7
30.Rxa7 Rce8 31.Rb1 Bc8 32.Rxe7 Rxe7 33.Re1 Rxe1+ 34.Nxe1 Qf5 35.Qe3 Qb1
36.h4 Bf5 37.Kh2 Qb4 38.Qe8+ Kg7 39.Qe5+ Kg8 40.Qe8+ Kg7 41.d6 Qc3 42.Ng2 Qd4
43.Qe7 Be6 44.Ne3 Qf6 45.Kg2 Qd4 46.h5 Qe4+ 47.Kh2 Qd4 48.Kg1 Qa1+ 49.Kg2 Qd4
50.Kh2 Qb2 51.d7 Qxf2+ 52.Ng2 Bxd7 53.Qxd7 gxh5 54.Qd5 Kg6 55.Kh3 Qf1 56.Qd3+ Qxd3
57.Nf4+ Kf5 58.Nxd3 Ke4 59.Nxc5+ Kd4 60.Nd7  1-0

[Event "O2C Doeberl Cup Premier 2012"]
[Site "Canberra AUS"]
[Date "2012.04.06"]
[Round "4.12"]
[White "Cheng,Bo"]
[Black "Li,Zuhao Luke"]
[Result "1-0"]
[WhiteElo "2344"]
[BlackElo "2170"]

1.d4 Nf6 2.c4 e6 3.Nf3 b6 4.a3 Ba6 5.Qc2 d5 6.Nbd2 Bb7 7.g3 Be7 8.Bg2 O-O
9.O-O Nbd7 10.b4 c6 11.Bb2 Rc8 12.e4 dxe4 13.Ng5 h6 14.Ngxe4 Nxe4 15.Qxe4 Nf6
16.Qe2 Qc7 17.Nb3 a5 18.bxa5 bxa5 19.Bc3 a4 20.Nc5 Bxc5 21.dxc5 Qe7 22.Rab1 Rfd8
23.Qe5 Ba6 24.Rb4 Ra8 25.Rxa4 Bb7 26.Rxa8 Rxa8 27.Rb1 Ne8 28.Rb3 f6 29.Rxb7 Qxb7
30.Qxe6+ Kh8 31.Bxc6 Qb1+ 32.Kg2 Nc7 33.Qe7 Rxa3 34.Bxf6 Qg6 35.Bxg7+ Qxg7
36.Qd8+ Qg8 37.Qxc7 Qxc4 38.Qe5+  1-0

[Event "Karposh Open 2012"]
[Site "Skopje MKD"]
[Date "2012.04.08"]
[Round "3.61"]
[White "Miskoski,M"]
[Black "Tairi,K"]
[Result "1/2-1/2"]
[WhiteElo "1965"]
[BlackElo "1804"]

1.d4 Nf6 2.c4 e6 3.Nf3 b6 4.a3 Bb7 5.Nc3 Be7 6.d5 exd5 7.cxd5 O-O 8.e4 Re8
9.Bd3 d6 10.O-O Nfd7 11.Bf4 Bf6 12.Re1 Na6 13.Rc1 Nac5 14.Bb1 a5 15.h3 Ne5
16.Nxe5 Bxe5 17.Bxe5 dxe5 18.b4 axb4 19.axb4 Na6 20.Qb3 Qe7 21.Nb5 Rec8 22.Red1 h6
23.Rc3 Qxb4 24.Qxb4 Nxb4 25.Nxc7 Rab8 26.Rdc1 Na6 27.Nxa6 Bxa6 28.Ba2 Kf8
29.f3 Rxc3 30.Rxc3 Rc8 31.Ra3 Bc4 32.Bxc4 Rxc4 33.Rb3 Rc7 34.Rxb6 Ke8 35.Kf2 Kd7
36.Ra6 Rc2+ 37.Kg3 g6 38.Ra7+ Ke8 39.h4 h5 40.Ra3 Rc1 41.f4 exf4+ 42.Kxf4 f6
43.g3 Rg1 44.Ra7 Kf8 45.Kf3 Rd1 46.Ra3 Ke7 47.Ke3 Re1+ 48.Kd4 Re2 49.Ra7+ Kf8
50.d6 Rg2 51.Ra3 Kf7 52.Ra7+ Ke6 53.Rg7 Kxd6 54.Rxg6 Ke7 55.Rg7+ Kf8 56.Ra7 Rxg3  1/2-1/2

[Event "Karposh Open 2012"]
[Site "Skopje MKD"]
[Date "2012.04.11"]
[Round "6.16"]
[White "Vojinovic,G"]
[Black "Savic,Miod1"]
[Result "1/2-1/2"]
[WhiteElo "2429"]
[BlackElo "2518"]

1.d4 Nf6 2.Nf3 e6 3.c4 b6 4.a3 Ba6 5.Qb3 c5 6.d5 exd5 7.cxd5 d6 8.Nc3 Be7
9.g3 O-O 10.Bg2 Nbd7 11.a4 Re8 12.O-O Bf8 13.Qc2 Qe7 14.Re1 Ne4 15.Nd2 Nxc3
16.bxc3 g6 17.c4 Bg7 18.Bb2 Bxb2 19.Qxb2 Qe5 20.Qxe5 Nxe5 21.Rac1 f5 22.f4 Nf7
23.Kf2 Kg7  1/2-1/2

[Event "ch-FRA Juniors 2012"]
[Site "Nimes FRA"]
[Date "2012.04.14"]
[Round "1.3"]
[White "Song,Ju"]
[Black "Pluyaud,B"]
[Result "0-1"]
[WhiteElo "2333"]
[BlackElo "2056"]

1.d4 Nf6 2.c4 e6 3.Nf3 b6 4.a3 Bb7 5.Nc3 d6 6.g3 Ne4 7.Qc2 Nxc3 8.Qxc3 Be7
9.Bg2 O-O 10.O-O Be4 11.Qe3 Bb7 12.Qd3 Qc8 13.Bg5 f6 14.Bd2 Nd7 15.Bh3 f5
16.Ng5 Bxg5 17.Bxg5 h6 18.Bd2 Qe8 19.Rae1 Qh5 20.Bg2 Bxg2 21.Kxg2 Nf6 22.f3 e5
23.dxe5 dxe5 24.Qe3 Rae8 25.Bc3 Rf7 26.Kh1 Rfe7 27.Rd1 Qh3 28.Qg1 Qh5 29.Rf2 Qf7
30.g4 fxg4 31.b3 Qg6 32.Rg2 h5 33.e4 h4 34.Re1 Rd7 35.fxg4 Nxe4 36.Ba1 Ng5
37.Qe3 Rd3 38.Qe2 h3 39.Rg3 Qf7 40.Kg1 Rxg3+ 41.hxg3 Nf3+  0-1

[Event "Karposh Open 2012"]
[Site "Skopje MKD"]
[Date "2012.04.14"]
[Round "9.25"]
[White "Arsovic,G"]
[Black "Vachev,V"]
[Result "1-0"]
[WhiteElo "2422"]
[BlackElo "2152"]

1.d4 Nf6 2.Nf3 e6 3.c4 b6 4.a3 c5 5.d5 exd5 6.cxd5 d6 7.Nc3 Be7 8.h3 O-O
9.e4 h6 10.Bd3 Re8 11.O-O a6 12.a4 Nbd7 13.Re1 Bb7 14.Bf4 Bf8 15.Bh2 Ne5
16.Nxe5 dxe5 17.Nb1 Bd6 18.Nd2 Bc7 19.b3 Nd7 20.Nc4 Nf8 21.Bf1 Bd6 22.Qd2 Ng6
23.Rad1 Qc7 24.Kh1 Rad8 25.f3 Bc8 26.Bg1 Bd7 27.Nxd6 Qxd6 28.Bxa6 Ra8 29.Bf1 Ra5
30.Rc1  1-0

[Event "14th Dubai Open 2012"]
[Site "Dubai UAE"]
[Date "2012.04.19"]
[Round "5.23"]
[White "Arutinian,D"]
[Black "Koohestani,S"]
[Result "1-0"]
[WhiteElo "2553"]
[BlackElo "2364"]

1.d4 Nf6 2.c4 e6 3.Nf3 b6 4.a3 Bb7 5.Nc3 d5 6.cxd5 exd5 7.Qc2 a6 8.Bg5 Nbd7
9.e3 Be7 10.Bd3 h6 11.Bf4 c5 12.Bf5 c4 13.a4 Bb4 14.O-O O-O 15.Bg3 Qe7 16.Bh4 Qe8
17.Nd2 g6 18.Bxd7 Nxd7 19.Rae1 f5 20.f3 g5 21.Bg3 Qg6 22.b3 cxb3 23.Qxb3 Bxc3
24.Qxc3 Rac8 25.Qb3 a5 26.Rc1 Qe6 27.h3 Rxc1 28.Rxc1 Rc8 29.Rxc8+ Bxc8 30.Kh2 Bb7
31.Nb1 Qc6 32.Nc3 Kg7 33.Qa3 Kf7 34.Qb3 Kg7 35.Kh1 Kf7 36.Nb5 Qc1+ 37.Kh2 Ba6
38.Qxd5+  1-0

[Event "14th Dubai Open 2012"]
[Site "Dubai UAE"]
[Date "2012.04.23"]
[Round "9.15"]
[White "Ezat,M"]
[Black "Nisipeanu,LD"]
[Result "0-1"]
[WhiteElo "2441"]
[BlackElo "2643"]

1.d4 Nf6 2.Nf3 e6 3.c4 b6 4.a3 Ba6 5.Qc2 Bb7 6.Nc3 c5 7.dxc5 bxc5 8.Bf4 Bxf3
9.gxf3 Nh5 10.Bg3 Nc6 11.e3 g6 12.Bg2 Nxg3 13.hxg3 Rb8 14.Rd1 Bg7 15.f4 Na5
16.Ne4 O-O 17.Qa4 Nxc4 18.Qxc4 Qa5+ 19.Kf1 d5 20.Qxc5 Qa4 21.b3 Qxb3 22.Re1 dxe4
23.Kg1 Qa4 24.Rc1 Rb2 25.Rc4 Qd1+ 26.Kh2 Qd7 27.Rc2 Rb5 28.Qc6 Rh5+ 29.Bh3 Qd3
30.a4 e5 31.fxe5 Rxe5 32.Bg4 h5 33.Be2 Qa3 34.Rd1 Re6 35.Qd7 Re7 36.Qb5 Be5
37.Kg2 Kg7 38.Rc4 Rb8 39.Qd5 Rb2 40.Rd2 Bf6 41.Rdc2 Rxc2 42.Rxc2 Qxa4 43.Rc8 Qd7
44.Qa8 Qb7 45.Bc4 Qxa8 46.Rxa8 Bc3 47.Ba6 Ba5 48.Rb8 Bb6 49.Bc4 Bc5 50.Rb5 Bb6
51.Kf1 Rc7 52.Bd5 Rc1+ 53.Kg2 f5 54.Rb2 Kf6 55.Rd2 a5 56.Rb2 Bc5 57.Rb5 a4
58.Ra5 a3 59.Ra6+ Kg7 60.Ra8 Rd1 61.Bc4 Rd2 62.Kf1 Rc2 63.Bd5 Rb2 64.Ra5 Bd6
65.Ra6 Bb4 66.Ra7+ Kh6 67.Ra6 Bc5 68.Ra5 Bd6 69.Ra6 Rd2 70.Be6 Kg5 71.Bf7 Kf6
72.Bc4 Kg7 73.Ra7+ Kh6 74.Ra6 h4 75.gxh4 Kh5 76.Bf7 Kxh4 77.Kg2 g5 78.Ra8 g4
79.Kf1 g3 80.Rh8+ Kg5 81.fxg3 a2  0-1

[Event "TCh-AUT 2 Mitte 2011-12"]
[Site "Fuerstenfeld AUT"]
[Date "2012.04.29"]
[Round "11"]
[White "Singer,H"]
[Black "Spindelboeck,G"]
[Result "1/2-1/2"]
[WhiteElo "2260"]
[BlackElo "2235"]

1.d4 Nf6 2.c4 e6 3.Nf3 b6 4.a3 Ba6 5.Qc2 Bb7 6.Nc3 c5 7.e4 cxd4 8.Nxd4 d6
9.Be2 Be7 10.O-O O-O 11.Be3 Nbd7 12.Rfd1 a6 13.f3 Rc8 14.b3 Re8 15.Qb2 Bf8
16.Bf2 Rc7 17.Bf1 Qa8 18.Rac1 Rcc8 19.Nc2 d5 20.exd5 exd5 21.Nxd5 Nxd5 22.cxd5 Bxd5
23.Ne3 Be6 24.Bc4 Nf6 25.Bxe6 Rxe6 26.b4 b5 27.Nf5 Rec6 28.Bc5 Qb7 29.Bxf8 Kxf8
30.Rxc6 Qxc6  1/2-1/2

[Event "Nakhchivan Open 2012"]
[Site "Nakhchivan AZE"]
[Date "2012.05.01"]
[Round "4.2"]
[White "Esen,B"]
[Black "Zhigalko,S"]
[Result "1/2-1/2"]
[WhiteElo "2555"]
[BlackElo "2649"]

1.d4 Nf6 2.c4 e6 3.Nf3 b6 4.a3 Ba6 5.Qc2 Bb7 6.Nc3 c5 7.dxc5 bxc5 8.Bf4 Nh5
9.Bd2 Be7 10.O-O-O Nc6 11.e3 Nf6 12.h4 O-O 13.Ng5 h6 14.Be2 Rb8 15.Rh3 a6
16.Rdh1 Na5 17.Rg3 d5 18.Rhh3 dxc4 19.Kb1 hxg5 20.hxg5 Ne4 21.Be1 f5 22.gxf6 Bxf6
23.Rg4 Bxc3 24.Bxc3 Nxc3+ 25.Qxc3 Qf6 26.Qc2 Qf5 27.e4 Qxf2 28.Ka2 Bc6 29.Rgh4 Qd4
30.e5 Qxe5 31.Bh5 Rxb2+ 32.Qxb2 c3 33.Qe2 Bd5+ 34.Kb1 Qf5+ 35.Qd3 Rb8+ 36.Kc1 Qg5+
37.Qe3 Nb3+ 38.Kd1 Nd4 39.Qxg5 Rb1+ 40.Qc1 Bb3+ 41.Ke1 Rxc1+ 42.Kf2 c2 43.Rc3 Nf5
44.Re4 Rh1 45.Re1 Rxe1 46.Kxe1 Nd6 47.Bg6 c4 48.Bxc2 Nb5 49.Bxb3 Nxc3 50.Bxc4 Nb5  1/2-1/2

[Event "Norsk Sjakkfestival"]
[Site "Fagernes NOR"]
[Date "2012.05.02"]
[Round "6"]
[White "Smith,Ax"]
[Black "Georgiev,Vl"]
[Result "1/2-1/2"]
[WhiteElo "2478"]
[BlackElo "2531"]

1.d4 Nf6 2.c4 e6 3.Nf3 b6 4.a3 Bb7 5.Nc3 Be7 6.d5 O-O 7.e4 d6 8.Bd3 Nfd7
9.Be3 Bf6 10.Qd2 Nc5 11.Bc2 a5 12.O-O a4 13.Bxc5 bxc5 14.Nxa4 Nd7 15.Rab1 Ba6
16.Qd3 g6 17.b4 exd5 18.Qxd5 cxb4 19.axb4 Ra7 20.Rfe1 Re8 21.Qd3 Bb7 22.c5 Bc6
23.b5 Rxa4 24.Bxa4 Nxc5 25.Qa3 Bxe4 26.b6  1/2-1/2

[Event "MMM Open 2012"]
[Site "Krakow POL"]
[Date "2012.05.03"]
[Round "6.7"]
[White "Watorek,M"]
[Black "Parol,P"]
[Result "1-0"]
[WhiteElo "2178"]
[BlackElo "1933"]

1.d4 e6 2.c4 Nf6 3.Nf3 b6 4.a3 Bb7 5.Nc3 d5 6.cxd5 Nxd5 7.Qc2 Be7 8.e4 Nxc3
9.bxc3 O-O 10.Bd3 c5 11.O-O Qc8 12.Qe2 Ba6 13.Bf4 Bxd3 14.Qxd3 cxd4 15.cxd4 Qa6
16.Qe3 Nd7 17.Rfd1 Rac8 18.d5 exd5 19.exd5 Bc5 20.Qb3 Rfe8 21.Rd2 Re4 22.g3 Rce8
23.Qd3 Qxd3 24.Rxd3 Re2 25.Nd4 Bxd4 26.Rxd4 Rc8 27.Ra4 a5 28.Be3 Rcc2 29.Rb1 h6
30.Rf4 Rc8 31.a4 Ra2 32.Rb5 g5 33.Rd4 Ne5 34.Re4 Nf3+ 35.Kg2 f5 36.Re7 g4
37.Rb1 Rxa4 38.d6 Rd8 39.Rc1 Re4 40.Bxb6 Rxe7 41.dxe7 Re8 42.Bd8 Ne5 43.Rc5 Ng6
44.Rxa5 Nxe7 45.Bxe7 Rxe7 46.Rxf5 Kg7 47.h3 gxh3+ 48.Kxh3 Kg6 49.Kg4 Re2
50.f4 Rg2 51.Ra5 h5+ 52.Kf3 Rb2 53.Ra6+ Kg7 54.Re6 Ra2 55.f5 Ra4 56.Re4 Ra3+
57.Kf4 Kf7 58.Re3 Ra8 59.Kg5 Rg8+ 60.Kxh5 Kf6 61.Rf3 Ra8 62.Kh4 Rh8+ 63.Kg4 Ra8
64.Rf4 Ra5 65.Rb4 Ra6 66.Kf4 Ra1 67.Rb6+ Kf7 68.Kg5 Ra7 69.g4 Kg7 70.Rb5 Rf7
71.Re5 Ra7 72.f6+ Kf7 73.Re7+ Rxe7 74.fxe7 Kxe7 75.Kg6 Kf8 76.Kh7  1-0

[Event "14th Salou Open"]
[Site "Salou ESP"]
[Date "2012.05.03"]
[Round "1.1"]
[White "Chesa Chavarria,A"]
[Black "Fedorchuk,S"]
[Result "0-1"]
[WhiteElo "1835"]
[BlackElo "2634"]

1.d4 Nf6 2.c4 e6 3.Nf3 b6 4.a3 Bb7 5.Nc3 g6 6.d5 Bg7 7.e4 O-O 8.h3 Re8 9.Be2 d6
10.O-O Nbd7 11.Bg5 h6 12.Be3 Nc5 13.Nd2 a5 14.b4 axb4 15.axb4 Rxa1 16.Qxa1 Nfxe4
17.Ndxe4 Nxe4 18.Qa7 Nxc3  0-1

[Event "8th World Schools U17"]
[Site "Iasi ROU"]
[Date "2012.05.04"]
[Round "7.4"]
[White "Talipov,N"]
[Black "Hernandez,Crist COL"]
[Result "1-0"]
[WhiteElo "2160"]
[BlackElo "2139"]

1.d4 Nf6 2.c4 e6 3.Nf3 b6 4.a3 Bb7 5.Nc3 d5 6.cxd5 exd5 7.Bg5 Be7 8.e3 O-O
9.Bd3 Nbd7 10.O-O Ne4 11.Bxe7 Qxe7 12.Qc2 f5 13.b4 a6 14.Qb3 c6 15.Rae1 Kh8
16.Na2 Rf6 17.Qc2 Rg6 18.Nc1 Rf8 19.Kh1 Rh6 20.Ng1 Ndf6 21.Nh3 g5 22.f3 g4
23.fxe4 fxe4 24.Nf4 exd3 25.Ncxd3 Ne4 26.Kg1 g3 27.h3 Bc8 28.Ne5 Bb7 29.Ng4 Rd6
30.Rf3 Bc8 31.Ne5 Rff6 32.Nxd5 cxd5 33.Qxc8+ Rd8 34.Nf7+ Rxf7 35.Rxf7 Rxc8
36.Rxe7 Rc3 37.Re5 Rxa3 38.Rxd5 Rb3 39.Re5 Nf2 40.Re7 Rxb4 41.Rc1  1-0

[Event "Asian Continental 2012"]
[Site "Ho Chi Minh City VIE"]
[Date "2012.05.07"]
[Round "3.28"]
[White "Nguyen Huynh Minh Huy"]
[Black "Bao Khoa"]
[Result "1-0"]
[WhiteElo "2442"]
[BlackElo "2257"]

1.d4 Nf6 2.c4 e6 3.Nf3 b6 4.a3 Bb7 5.Nc3 d5 6.cxd5 Nxd5 7.Bd2 c5 8.e4 Nxc3
9.Bxc3 Bxe4 10.Bb5+ Bc6 11.Bxc6+ Nxc6 12.Qa4 Qd5 13.dxc5 b5 14.Qxb5 Bxc5
15.Qa4 Rc8 16.Qg4 h5 17.Qxg7 Qe4+ 18.Kf1 Qd3+ 19.Kg1 Rh7 20.Qg5 Ne7 21.h4 Qe2
22.Rf1 Kf8 23.Ne5 Rd8 24.Kh2 Rd5 25.Nd7+ Rxd7 26.Qxc5 Rh6 27.Re1 Qg4 28.g3 Rg6
29.Rhf1 f6 30.Qb5 e5 31.Bb4 Kg7 32.Bxe7 Rxe7 33.Rd1 e4 34.Qc5 Kf7 35.Qe3 f5
36.Rd5 Rf6 37.Qb3 Kg7 38.Rd8 Kh7 39.Qb8 Qe2 40.Rh8+ Kg6 41.Kg1 f4 42.Rg8+ Kh7
43.Rg5 Rg7 44.Qe5 Rxg5 45.hxg5 Rf7 46.Qe6 Rg7 47.Qh6+ Kg8 48.Rc1 Qxb2 49.Rc8+ Kf7
50.Rc7+ Kg8 51.Qxg7+  1-0

[Event "Asian Continental 2012"]
[Site "Ho Chi Minh City VIE"]
[Date "2012.05.09"]
[Round "5.2"]
[White "Barbosa,O PHI"]
[Black "Yu Yangyi"]
[Result "0-1"]
[WhiteElo "2550"]
[BlackElo "2626"]

1.d4 Nf6 2.c4 e6 3.Nf3 b6 4.a3 Ba6 5.Qb3 d5 6.cxd5 exd5 7.Nc3 Be7 8.g3 O-O
9.Bg2 c5 10.O-O Nc6 11.Qa4 cxd4 12.Nxd5 Bxe2 13.Nxf6+ Bxf6 14.Qxc6 Rc8 15.Qa4 d3
16.Be3 Bxb2 17.Rab1 Qf6 18.Qxa7 Rc2 19.Qb7 h6 20.Qe4 Rd8 21.Rfe1 b5 22.Rxe2 Rc4
23.Qb7 dxe2 24.Re1 b4 25.axb4 Rd1 26.Bd2 Bc3 27.Qa8+ Kh7 28.Qd5 Bxd2 29.Qd3+ g6
30.Qxe2 Bxe1 31.Qxd1 Bxb4 32.Bf1 Rc3 33.Kg2 Bc5 34.h4 Kg7 35.Be2 Ba7 36.Qa1 Bb6
37.Qd1 Qc6 38.Qa1 Qc5 39.Kh3 Kh7 40.Qa2 Qc7 41.Bd1 Rd3 42.Qb1 Rxf3  0-1

[Event "Asian Continental 2012"]
[Site "Ho Chi Minh City VIE"]
[Date "2012.05.10"]
[Round "6.32"]
[White "Pham Chuong"]
[Black "Tran Quoc Dung"]
[Result "0-1"]
[WhiteElo "2349"]
[BlackElo "2303"]

1.d4 Nf6 2.c4 e6 3.Nf3 b6 4.a3 Ba6 5.e3 d5 6.Nbd2 Be7 7.b4 O-O 8.Qb3 c5 9.dxc5 bxc5
10.b5 Bb7 11.Bb2 Nbd7 12.Be2 Bd6 13.O-O Ne4 14.Nxe4 dxe4 15.Qc3 f6 16.Nd2 Qc7
17.h3 Rad8 18.Rfd1 Ne5 19.Nf1 Qf7 20.Qa5 Nd3 21.Bxd3 exd3 22.f3 Qg6 23.Kh1 Rd7
24.Rd2 e5 25.Qc3 e4 26.f4 Qh6 27.Rf2 Qh4 28.Kg1 Rdf7 29.a4 g5 30.Qd2 Rg7
31.Kh1 gxf4 32.exf4 Qxh3+ 33.gxh3 e3+ 34.Kh2 exd2 35.Ng3 Re8 36.Bc3 Re3 37.Nh5 Re2
38.Rxe2 dxe2 39.Bxd2 Rg2+ 40.Kh1 Kf7 41.Re1 Kg6 42.Rg1 Rxg1+ 43.Kxg1 Kxh5
44.Kf2 Kh4 45.Kxe2 Kxh3 46.Bc3 f5 47.Be5 Be7 48.a5 a6 49.Ke3 Kg2  0-1

[Event "85th ch-St Petersburg"]
[Site "St Petersburg RUS"]
[Date "2012.05.10"]
[Round "6"]
[White "Rozum,I"]
[Black "Shimanov,A"]
[Result "0-1"]
[WhiteElo "2477"]
[BlackElo "2600"]

1.d4 Nf6 2.c4 e6 3.Nf3 b6 4.a3 c5 5.d5 Ba6 6.Qc2 exd5 7.cxd5 g6 8.Nc3 Bg7
9.g3 O-O 10.Bg2 d6 11.O-O Nbd7 12.Rd1 b5 13.b4 Rc8 14.bxc5 dxc5 15.Bb2 Re8
16.d6 Qb6 17.Ng5 Bb7 18.Nd5 Bxd5 19.Bxd5 Nxd5 20.Rxd5 Bxb2 21.Qxb2 c4 22.Qxb5 Rxe2
23.Rf1 Qxb5 24.Rxb5 Nb6 25.a4 h6 26.a5 hxg5 27.axb6 axb6 28.Rxb6 Rd2 29.Rc1 c3
30.Kg2 Kf8 31.Kf1 Rc5 32.Kg2 c2 33.Rb8+ Kg7 34.Rb2 Rf5 35.d7 Rfxf2+ 36.Kg1 Rg2+
37.Kf1 Rxh2 38.Kg1 Rhg2+ 39.Kf1 Rxg3  0-1

[Event "21st CRO-Cup"]
[Site "Sibenik CRO"]
[Date "2012.05.17"]
[Round "2.14"]
[White "Kozul,Z"]
[Black "Vargic,D"]
[Result "1-0"]
[WhiteElo "2593"]
[BlackElo "2351"]

1.d4 e6 2.c4 Nf6 3.Nf3 b6 4.a3 Bb7 5.Nc3 d5 6.cxd5 exd5 7.g3 a6 8.Bg2 Nbd7
9.O-O Bd6 10.Bg5 O-O 11.Qb3 b5 12.Nh4 h6 13.Bxf6 Nxf6 14.Nf5 Re8 15.Nxd6 Qxd6
16.e3 c6 17.Rac1 a5 18.Rfe1 Rab8 19.Ne2 Nd7 20.Nf4 Nb6 21.Nd3 Nc4 22.Qc3 Ba6
23.b3 b4 24.axb4 axb4 25.Qa1 Na3 26.Nc5 Bc8 27.Qb2 Bf5 28.Qd2 Re7 29.Bf1 g5
30.Bd3 Bh3 31.f3 f5 32.Na6 Rb6 33.Rc5 Qf6 34.Nxb4 f4 35.Ra5 Kg7 36.Rxa3 fxe3
37.Rxe3 Rxe3 38.Qxe3 Rxb4 39.Qe5 Qxe5 40.dxe5 Be6 41.Kf2 c5 42.Ke2 Kf8 43.Bc2 Ke7
44.Ra7+ Kf8 45.Rc7 d4 46.Rxc5 Bxb3 47.Bd3 Ba4 48.f4 gxf4 49.gxf4 Rb2+ 50.Kf3 Rxh2
51.f5 Rh4 52.Rc8+ Ke7 53.f6+ Ke6 54.Bc4+ Kxe5 55.f7 Rf4+ 56.Kg3 d3 57.Re8+  1-0

[Event "Vlado Andriusaicio Rapid A 2012"]
[Site "Vilnius LTU"]
[Date "2012.05.27"]
[Round "9"]
[White "Zagorskis,D"]
[Black "Labuckas,A"]
[Result "1/2-1/2"]
[WhiteElo "2493"]
[BlackElo "2312"]

1.d4 e6 2.c4 Nf6 3.Nf3 b6 4.a3 Bb7 5.Nc3 d5 6.cxd5 exd5 7.g3 Be7 8.Bh3 O-O
9.O-O Ne4 10.Bd2 Nd7 11.Rc1 a6 12.Bf4 Nxc3 13.Rxc3 c5 14.dxc5 bxc5 15.Bg2 d4
16.Rc1 Nf6 17.b4 Nd5 18.bxc5 Nc3 19.Qd2 Bxc5 20.Ra1 Qe7 21.Rfe1 Rad8 22.Qb2 Ne4
23.Nd2 f5 24.Nxe4 Bxe4 25.Bd2 Rb8 26.Qa2+ Kh8 27.Bb4 Bxb4 28.axb4 Bxg2 29.Kxg2 f4
30.Qxa6 Rxb4 31.Qd3 Qf7 32.Rf1 Qd5+ 33.Qf3 Qd8 34.Qd3 Rb2 35.Kg1 Re8 36.Rfe1 fxg3
37.hxg3 Qf6 38.Rad1 Rb4 39.Rd2 Rf8 40.Rf1 Qg5 41.Rc2 Qf6 42.Rc4 Rxc4 43.Qxc4 h6
44.Qd3 Re8 45.Rd1 Qe5 46.Qxd4 Qxd4 47.Rxd4  1/2-1/2